000 00647nab a2200193 4500
001 244442
003 OSt
005 20241029112610.0
007 tu
008 200917s2020|||||||
040 _aDE-2950
_cDE-2950
245 0 0 _aQuirito Academy ist insolvent
_bWeiterbildung. Der bbw-Nachfolger bot in Frankfurt (Oder) Sprachkurse und Umschulungen an. Wie es jetzt weitergeht, ist noch unklar/
_cRené Matschkowiak, Lisa Larossa
264 _c2024
653 _aFrankfurt (Oder)
653 _aQuirito Academy
653 _aInsolvenz
773 0 _g35. Jahrgang (2024) Nr. 249 vom 24.10.2024, S. 13 mit Foto
_tMärkische Oderzeitung
942 _2z
_cA
999 _c373436
_d373436